000 00972nam a2200205Ia 4500
003 OSt
005 20241010134108.0
007 ca aa aaaaa
008 201103s9999 xx 000 0 und d
040 _cSSBUL
041 _abur
082 _223
_a၂၉၄.၃၄၃၅၀၉ တင်
_b၉၀၉၀ S-SAT
100 0 _a တင်နိုင်တိုး
_914445
245 1 0 _aဆံတော်ရှင်ကျိုက်ထီးရိုးသမိုင်းနှင့် လေ့လာကြည်ညိုဖွယ်များ /
_cတင်နိုင်တိုး။
260 _aရန်ကုန် ၊
_bယုံကြည်ချက်စာပေ၊
_c၂၀၀၅။
300 _a၁၃၉ စာမျက်နှာ ၊
_bပုံများ ၊
_c၁၈ စင်တီ။
500 _aS-SAT: Dr. Sai Aung Tun
650 _aကျိုက်ထီးရိုးဘုရား
_vသမိုင်း
_955001
942 _2ddc
_cBK1
999 _c16634
_d16634